000 01041nam a22002537a 4500
005 20170124103019.0
010 _aA-990711
020 _c120.00
_a8171242324
035 _aA-990711
037 _bCen Lib/Ret
040 _aDPL
_bHN
082 _a
_bमिश्रप्र
100 _aमिश्र, प्रभुदयाल
_960008
245 _aमैत्रेयी :
_cप्रभुदयाल मिश्र
_bऔपनिषदिक-उपन्यास /
246 _aMaitreyee : aupnishdik upanyas /
_bby Prabhudayal Mashr
260 _aवाराणसी
_bविशविद्यालय प्रकाशन
_c1999
270 _aचौक
_bवाराणसी
300 _a97पृ.
_c20सेमी(सजिल्द )
650 _aहिंदी साहित्य
_x
_z
_960009
650 _aहिंदी उपन्यास
_960010
650 _aHindi literature
_v
_960011
650 _aHindi fiction
_927248
942 _2ddc
_cHN
_h
_mमिश्रप्र
999 _c115127
_d115127